| 000 | 00963nam a2200277Ia 4500 | ||
|---|---|---|---|
| 003 | OSt | ||
| 005 | 20220923211002.0 | ||
| 006 | a|||||r|||| 00| 0 | ||
| 007 | ta | ||
| 008 | 220922b |||||||| |||| 00| 0 hin d | ||
| 020 |
_a8170163293 (hbk) _c150 |
||
| 024 | _a324,942 | ||
| 037 |
_b25506, 13/03/2018, Kitab Ghar _cTextual |
||
| 040 |
_aARTS _cARTS _bhin |
||
| 041 |
_2hin _ahin |
||
| 082 | _aO152,1N37x, P8 | ||
| 100 |
_aनरेन्द्र मोहन, ले. _9156839 |
||
| 245 | 0 | _aदासत्व से उबारो | |
| 246 | _aDāsatva se ubāro | ||
| 260 |
_aनई दिल्ली _b किताबघर _c2008 |
||
| 300 |
_a111पृ. _ccm. |
||
| 650 |
_a हिन्दी साहित्य _9156264 |
||
| 650 | _aहिन्दी कविता | ||
| 942 |
_hO152,1N37x, P8 _cTEXL _2CC |
||
| 999 |
_c293518 _d293518 |
||